00310nam a2200121Ia 4500003000400000005001700004008004100021020001900062040002600081100001800107245004300125260002000168OSt20240311141521.0170523s9999 xx 000 0 und d a978-8120337763 cIIMT NIVERSITY MEERUT aSawhney- G.S. 0aFundamentals of Mechanical Engineering aNew Delhi : PHI